Early warning system for flash flood forecasting over kingdom of Saudi Arabia / (رقم التسجيلة. 12669)

تفاصيل مارك
000 -LEADER
fixed length control field 014030000a22003250004500
003 - CONTROL NUMBER IDENTIFIER
control field EG-GICUC
005 - DATE AND TIME OF LATEST TRANSACTION
control field 20250223025425.0
008 - FIXED-LENGTH DATA ELEMENTS--GENERAL INFORMATION
fixed length control field 080813s2008 ua b f m 000 0 eng d
040 ## - CATALOGING SOURCE
Original cataloging agency EG-GICUC
Language of cataloging eng
Transcribing agency EG-GICUC
041 0# - LANGUAGE CODE
Language code of text/sound track or separate title Eng
049 ## - LOCAL HOLDINGS (OCLC)
Holding library Deposite
097 ## - Thesis Degree
Thesis Level Ph.D
099 ## - LOCAL FREE-TEXT CALL NUMBER (OCLC)
Classification number Cai01.12.01.Ph.D.2008.Ab.E
100 0# - MAIN ENTRY--PERSONAL NAME
Personal name Abdullah Ahmaed Aljazei
245 10 - TITLE STATEMENT
Title Early warning system for flash flood forecasting over kingdom of Saudi Arabia /
Statement of responsibility, etc. Abdullah Ahmaed Aljazei ; Supervised Mohammed Magdy Abdelwahab
246 15 - VARYING FORM OF TITLE
Title proper/short title التنبؤ المبكر بالسيول على المملكة العربية السعودية
260 ## - PUBLICATION, DISTRIBUTION, ETC.
Place of publication, distribution, etc. Cairo :
Name of publisher, distributor, etc. Abdullah Ahmaed Aljazei ,
Date of publication, distribution, etc. 2008
300 ## - PHYSICAL DESCRIPTION
Extent 179Leaves :
Other physical details maps ;
Dimensions 30cm
502 ## - DISSERTATION NOTE
Dissertation note Thesis (Ph.D.) - Cairo University - Faculty Of Science - Department Of Astronomy and Meteorology
520 ## - SUMMARY, ETC.
Summary, etc. The main subject of this work is to establish a procedures for an of early warning systems to predict rainfall over the kingdom of Saudi Arabia (K.S.A) .The rainfall over K.S.A has been studied using the data of available metrological stations
530 ## - ADDITIONAL PHYSICAL FORM AVAILABLE NOTE
Additional physical form available note Issued also as CD
653 #4 - INDEX TERM--UNCONTROLLED
Uncontrolled term Models
653 #4 - INDEX TERM--UNCONTROLLED
Uncontrolled term Thermodynamic
653 #4 - INDEX TERM--UNCONTROLLED
Uncontrolled term Thunderstorm
700 0# - ADDED ENTRY--PERSONAL NAME
Personal name Mohammed Magdy Abdelwahab ,
Relator term
856 ## - ELECTRONIC LOCATION AND ACCESS
Uniform Resource Identifier <a href="http://172.23.153.220/th.pdf">http://172.23.153.220/th.pdf</a>
905 ## - LOCAL DATA ELEMENT E, LDE (RLIN)
Cataloger Mustafa
Reviser Revisor
905 ## - LOCAL DATA ELEMENT E, LDE (RLIN)
Cataloger Samia
Reviser Cataloger
942 ## - ADDED ENTRY ELEMENTS (KOHA)
Source of classification or shelving scheme Dewey Decimal Classification
Koha item type Thesis
المقتنيات
Source of classification or shelving scheme Not for loan Home library Current library Date acquired Full call number Barcode Date last seen Koha item type Copy number
Dewey Decimal Classification   المكتبة المركزبة الجديدة - جامعة القاهرة قاعة الرسائل الجامعية - الدور الاول 11.02.2024 Cai01.12.01.Ph.D.2008.Ab.E 01010110049483000 22.09.2023 Thesis  
Dewey Decimal Classification   المكتبة المركزبة الجديدة - جامعة القاهرة مخـــزن الرســائل الجـــامعية - البدروم 11.02.2024 Cai01.12.01.Ph.D.2008.Ab.E 01020110049483000 22.09.2023 CD - Rom 49483.CD
Cairo University Libraries Portal Implemented & Customized by: Eng. M. Mohamady Contacts: new-lib@cl.cu.edu.eg | cnul@cl.cu.edu.eg
CUCL logo CNUL logo
© All rights reserved — Cairo University Libraries
CUCL logo
Implemented & Customized by: Eng. M. Mohamady Contact: new-lib@cl.cu.edu.eg © All rights reserved — New Central Library
CNUL logo
Implemented & Customized by: Eng. M. Mohamady Contact: cnul@cl.cu.edu.eg © All rights reserved — Cairo National University Library